| 000 | 00617nam a2200169Ia 4500 | ||
|---|---|---|---|
| 003 | GCL | ||
| 008 | 140319s9999 xx 000 0 ara d | ||
| 040 |
_aGCL / _cGCL |
||
| 082 | 0 | 4 |
_aق _b915 _bج م |
| 100 | 1 | _aالجمعية الجغرافية المصرية | |
| 245 | 1 | 0 |
_aالمجلة الجغرافية العربية - المحاضرات العامة ع21 - 1989 / _cالجمعية الجغرافية المصرية |
| 260 |
_a[S.N] : _bالجمعية الجغرافية المصرية ، _c1989 |
||
| 490 | _a | ||
| 650 | 0 | 4 | _aدوريات |
| 650 | 0 | 4 | _aمصر القديمة - تاريخ |
| 942 |
_2ddc _cBK |
||
| 999 |
_c33268 _d33268 |
||